01396naa a22003977a 4500001001000000003000900010005001700019007000300036008003400039040005400073041000900127072001900136090001800155100001700173111007200190245008100262260003800343500010200381650001000483650002600493650001500519650001800534650001200552650001300564650001400577650001600591650001700607650001000624650002300634650002400657773009900681909003600780942001400816999001900830952014900849BR7907444BR-BrBNA20240918174508.0ta230509b bl.||||| |||| 00| 0 por d aBR-BrBNAbporcBiblioteca Nacional de Agricultura a(Pt) aL50; L30b5300 aL50 BR79074441 aKranka, R.N.1 a1. Simposio sobre SuinoculturacPiracicaba, SP (Brazil)d6 Sep 19791 aExigencias nutricionais - fatores que afetam [suino, fisiologia nutricional]3 aPiracicaba, SP (Brasil): c1979.  aAnais do 1. Simposio sobre Suinocultura Piracicaba, SP (Brasil): 1979. p. 1-30 (BR7907444-AM)L50  aSUINO aEXIGENCIA NUTRICIONAL aREPRODUTOR aGANHO DE PESO aPRENHEZ aLACTACAO aNUTRIENTE aCRESCIMENTO aARRACOAMENTO aDIETA aSUPLEMENTO MINERAL aSUPLEMENTO PROTEICO0 tAnais do 1. Simposio sobre SuinoculturawL50 BR7907444gPiracicaba, SP (Brasil), 1979. p. 1-30 a202404bLuciac55dLucia Elande cAM2AGRIS c311597d311597 002AGRIS40708Acervo Gerala41918b41918cAgrobasel0o5300 BR7907443r2024-05-20t01yAM10d2024-04-11ePortaria Interministerial nÂș 164/94